LEADER 00979nam0-22003131--450- 001 990008195390403321 005 20050929123930.0 035 $a000819539 035 $aFED01000819539 035 $a(Aleph)000819539FED01 035 $a000819539 100 $a20050929d1999----km-y0itay50------ba 101 0 $aita$aeng 102 $aIT 105 $ay-------001yy 200 1 $aStudi politici$enumero monografico dedicato all'Europa centro orientale e balcanica$fa cura di Giuseppe Ieraci, Liborio Mattina 210 $aTrieste$cE.U.T$dc1999 215 $aX, 337 p.$d24 cm 225 1 $aQuaderni del Dipartimento di scienze politiche$fUniversità degli studi di Trieste$v3 676 $a320.947$v20$zita 702 1$aMattina,$bLiborio 702 1$aIeraci,$bGiuseppe 801 0$aIT$bUNINA$gRICA$2UNIMARC 901 $aBK 912 $a990008195390403321 952 $aUNIVERSITA' 522 (3)$b42905*$fFGBC 959 $aFGBC 996 $aStudi politici$9162161 997 $aUNINA LEADER 01960nam0 2200433 i 450 001 VAN00107470 005 20251014085107.138 017 70$2N$a9783319327747 100 $a20170130d2016 |0itac50 ba 101 $aeng 102 $aCH 105 $a|||| ||||| 181 $ai$b e 182 $ab 183 $acr 200 1 $aEstimation and testing under sparsity$eécole d'été de probabilités de Saint-Flour XLV-2015$fSara van de Geer 210 $a[Cham]$cSpringer$d2016 215 $aXIII, 274 p.$d24 cm 461 1$1001VAN00102250$12001 $aLecture notes in mathematics$1210 $aBerlin [etc.]$cSpringer$v2059 500 1$3VAN00234103$aEstimation and testing under sparsity$91412587 606 $a60-XX$xProbability theory and stochastic processes [MSC 2020]$3VANC020428$2MF 606 $a62-XX$xStatistics [MSC 2020]$3VANC022998$2MF 606 $a68Q87$xProbability in computer science (algorithm analysis, random structures, phase transitions, etc.) [MSC 2020]$3VANC032889$2MF 610 $aEmpirical risk minimization$9KW:K 610 $aHigh-dimensional statistics$9KW:K 610 $aOracle inequality$9KW:K 610 $aSparsity$9KW:K 620 $aCH$dCham$3VANL001889 700 1$aGeer$bSara van de$3VANV082949$0721073 712 12$aÉcole d'été de probabilités$d45.$f2015; Saint-Flour$3VANV082950 712 $aSpringer $3VANV108073$4650 801 $aIT$bSOL$c20251017$gRICA 856 4 $uhttp://doi.org/10.1007/978-3-319-32774-7$zE-book ? Accesso al full-text attraverso riconoscimento IP di Ateneo, proxy e/o Shibboleth 899 $aBIBLIOTECA DEL DIPARTIMENTO DI MATEMATICA E FISICA$1IT-CE0120$2VAN08 912 $fN 912 $aVAN00107470 950 $aBIBLIOTECA DEL DIPARTIMENTO DI MATEMATICA E FISICA$d08CONS e-book $e08LNM2159 20170130 996 $aEstimation and testing under sparsity$91412587 997 $aUNICAMPANIA